5HLuxD.jpg

KING HENRY VIII SENIOR AND PRIMARY SCHOOL LIBRARY OPAC

Map addict : (Record no. 419)

000 -LEADER
fixed length control field 00883nam a2200301 a 4500
001 - CONTROL NUMBER
control field 017199950
003 - CONTROL NUMBER IDENTIFIER
control field UkOxU
005 - DATE AND TIME OF LATEST TRANSACTION
control field 20190814110044.0
008 - FIXED-LENGTH DATA ELEMENTS--GENERAL INFORMATION
fixed length control field 091210r20102009enkab b 001 0 eng d
015 ## - NATIONAL BIBLIOGRAPHY NUMBER
National bibliography number GBA9C4755
Source bnb
020 ## - INTERNATIONAL STANDARD BOOK NUMBER
International Standard Book Number 9780007351572 (pbk.) :
020 ## - INTERNATIONAL STANDARD BOOK NUMBER
International Standard Book Number 0007351577 (pbk.) :
035 ## - SYSTEM CONTROL NUMBER
System control number (Uk)015447774
035 ## - SYSTEM CONTROL NUMBER
System control number (StEdALDL)1/2284918
040 ## - CATALOGING SOURCE
Original cataloging agency StDuBDS
Language of cataloging eng
Transcribing agency StDuBDS
Modifying agency UkOxU
042 ## - AUTHENTICATION CODE
Authentication code ukscp
082 04 - DEWEY DECIMAL CLASSIFICATION NUMBER
Classification number 912 PAR
Edition number 22
100 1# - MAIN ENTRY--PERSONAL NAME
Personal name Parker, Mike,
Dates associated with a name 1966-
Relator term author
245 10 - TITLE STATEMENT
Title Map addict :
Remainder of title a tale of obsession, fudge & the Ordnance Survey /
Statement of responsibility, etc. Mike Parker.
260 ## - PUBLICATION, DISTRIBUTION, ETC.
Place of publication, distribution, etc. London :
Name of publisher, distributor, etc. Collins,
Date of publication, distribution, etc. 2010.
300 ## - PHYSICAL DESCRIPTION
Extent 330 p. :
Other physical details ill., maps ;
Dimensions 20 cm.
500 ## - GENERAL NOTE
General note First published: 2009.
504 ## - BIBLIOGRAPHY, ETC. NOTE
Bibliography, etc. note Includes bibliographical references and index.
650 #0 - SUBJECT ADDED ENTRY--TOPICAL TERM
Topical term or geographic name entry element Maps.
942 ## - ADDED ENTRY ELEMENTS (KOHA)
Source of classification or shelving scheme
Koha item type Books - Non Ficton
948 ## - LOCAL PROCESSING INFORMATION (OCLC); SERIES PART DESIGNATOR (RLIN)
e (OCLC) scp
Holdings
Withdrawn status Lost status Source of classification or shelving scheme Damaged status Not for loan Collection code Permanent Location Current Location Shelving location Date acquired Full call number Barcode Date last seen Price effective from Koha item type
          Non-Fiction KH8 Senior School Library KH8 Senior School Library Non Fiction 2019-08-14 912 PAR 3KHSL000100198 2019-08-14 2019-08-14 Books - Non Ficton

Powered By KH8 IT Dept